Statistics for Top 10 Countries with Most Slaves (2017)

Click here to take the quiz!

General Stats

  • This quiz has been taken 121 times
  • The average score is 4 of 10

Answer Stats

#HintAnswer% Correct
4AsiaIndia
79%
2North AmericaHaiti
66%
1AfricaMauritania
59%
3AsiaPakistan
59%
5AsiaNepal
38%
10AfricaGabon
33%
6EuropeMoldova
33%
8AfricaCote d'Ivoire
31%
7AfricaBenin
27%
9AfricaGambia
23%

Score Distribution

Percentile by Number Answered

Percent of People with Each Score

Your Score History

You have not taken this quiz